Movies of 2001 Quiz Stats

 Plays Quiz Updated Nov 14, 2018

Support Sporcle.
Go Orange.
Score 0/16 Timer 06:00
9 Plays Today
% Correct
Shrek
89.2%
Monsters, Inc.
86.7%
Ocean's Eleven
79.5%
Harry Potter and the Sorcerer's Stone
79.5%
The Lord of the Rings: The Fellowship of the Ring
74%
Zoolander
67.7%
Donnie Darko
66.9%
A Beautiful Mind
64%
% Correct
Amélie
63.3%
Pearl Harbor
53.7%
Moulin Rouge!
48.1%
Jay and Silent Bob Strike Back
47.2%
Spirited Away
37.5%
A.I. Artificial Intelligence
31.1%
The Royal Tenenbaums
25.7%
Mulholland Dr.
17.2%

From the Vault

4-Letter Countries

by Ben

Ten countries, four letters each...how hard can that be?
Remove Ads.
Support Sporcle.
Get the best of Sporcle when you Go Orange. This ad-free experience offers more features, more stats, and more fun while also helping to support Sporcle. Thank you for becoming a member.

Show Comments

Extras

Top Quizzes Today


Score Distribution

Your Account Isn't Verified!

In order to create a playlist on Sporcle, you need to verify the email address you used during registration. Go to your Sporcle Settings to finish the process.

Report this User

Report this user for behavior that violates our Community Guidelines.

Details: